| 000 | 00624cam a2200265ua 4500 | ||
|---|---|---|---|
| 020 | _cRs 5.25 | ||
| 041 |
_aeng _h |
||
| 082 |
_a510 _bVAR/PR |
||
| 100 | _aVarkey, Alukal. | ||
| 245 |
_aPre Degree Mathematics, Part 2 / _cVarkey Alukal. _hTextual Documents |
||
| 250 |
_a1 / _b. |
||
| 260 |
_aCalicut : _bUniversity books. |
||
| 300 | _a241 ; . | ||
| 365 | _aRs 5.25 | ||
| 504 | _a | ||
| 650 | _aMathematics | ||
| 942 | _cBK | ||
| 999 |
_c3248 _d3248 |
||